000 00991nam a22003137a 4500
003 CHAP
005 20220329134602.0
008 971013s r 00010 d
010 _a22586
011 _a23558
035 _a27654
040 _cCHAP
082 _a378
_bA8
111 0 0 _aAustralia Universities Commission.
_98373
245 _aReport, 19 -
260 _aCanberra :
_bAustralia Government Publishing Service,
_c19 -
300 _av.
_b; láms
500 _aLa biblioteca tiene: 1972
590 _aBATCH-UPD
_b10
_c20130110
_lUCH01
_h0122
590 _aBATCH-UPD
_b10
_c20130110
_lUCH01
_h2323
590 _aBATCH-UPD
_b10
_c20130410
_lUCH01
_h1614
590 _aBATCH-UPD
_b10
_c20130914
_lUCH01
_h0428
590 _aCONVERSION
_b10
_c20130109
_lUCH01
_h1313
650 1 4 _aEducación superior
_xAustralia.
_935607
650 1 4 _aUniversidades
_xAustralia.
_9116609
901 _aBK
942 _cLIBRO
949 _a378 A8
_bBC
_cLIBRO
_d33724000431276
_eLIBRO
_f1972
_h37868
_i27654
_mD
_si
999 _c22586
_d22586